| 000 | 02376nam0a2200397 4500 | ||
|---|---|---|---|
| 001 | RU\NLR\BIBL_A\022639930 | ||
| 005 | 20251223155551.0 | ||
| 010 |
_a978-5-6053331-6-6 _9100 |
||
| 021 |
_aRU _bКН-П-25-050690 _9КН-П-25-4906 |
||
| 035 | _a(NLR Aleph) 022639930 | ||
| 090 |
_a13509706 _c13509706 |
||
| 100 | _a20251009d2025 k y0rusy50 ca | ||
| 101 | 0 | _arus | |
| 102 | _aRU | ||
| 105 | _aa z 000yy | ||
| 181 | 0 |
_ai _baxxe |
|
| 182 | 0 | _an | |
| 200 | 1 |
_aПрогноз и профилактика акушерских осложнений гестационного сахарного диабета у женщин с алиментарным ожирением _eмонография _fРябов Алексей Юрьевич – к. м. н., Целкович Людмила Савельевна – д. м. н., профессор, Балтер Регина Борисовна – д. м. н., профессор [и др.] _gФедеральное государственное бюджетное образовательное учреждение высшего образования "Самарский государственный медицинский университет" Министерства здравоохранения Российской Федерации |
|
| 203 |
_aТекст _bвизуальный _cнепосредственный |
||
| 210 |
_aСамара _cСтандарт _d2025 |
||
| 215 |
_a151 с. _cил., табл. _d21 |
||
| 300 | _aАвт. указаны на обороте тит. с. | ||
| 320 | _aБиблиогр.: с. 118–143 (222 назв.) | ||
| 606 | 1 |
_aСахарный диабет беременных _2nlr_sh2 _3RU\NLR\AUTH\661405623 |
|
| 606 | 1 |
_aОжирение беременных _2nlr_sh2 _3RU\NLR\AUTH\661511932 |
|
| 686 | 1 | _aР716.216.415.160.23 | |
| 686 | 1 | _aР716.216.415.202.1 | |
| 701 | 1 |
_aРябов _bА. Ю. _gАлексей Юрьевич |
|
| 701 | 1 |
_aЦелкович _bЛ. С. _gЛюдмила Савельевна |
|
| 701 | 1 |
_aБалтер _bР. Б. _gРегина Борисовна |
|
| 712 | 0 | 2 |
_aСамарский государственный медицинский университет _3RU\NLR\AUTH\886970 _4570 |
| 942 | _cBOOK | ||
| 980 | _aNB | ||